Capital and credit : a new formulation of general equilibrium theory

Αποθηκεύτηκε σε:
Λεπτομέρειες βιβλιογραφικής εγγραφής
Κύριος συγγραφέας: Morishima, Michio 1923-
Μορφή: Βιβλίο
Γλώσσα:English
Δημοσίευση: Cambridge : New York : Cambridge University Press, 1992
Θέματα:
Ετικέτες: Προσθήκη ετικέτας
Δεν υπάρχουν, Καταχωρήστε ετικέτα πρώτοι!

MARC

LEADER 00000cam a2200000 i 4500
001 1/33902
008 950803s1992 eng d
020 |a 0521418402 
035 |l 10024017 
040 |a GR-MY-UA  |b gre  |e aacr 
041 0 |a eng 
082 0 |a 339.5 
100 1 |a Morishima, Michio  |d 1923- 
245 1 0 |a Capital and credit :  |b a new formulation of general equilibrium theory /  |c Michio Morishima 
260 |a Cambridge :   |a New York :   |b Cambridge University Press,   |c 1992 
300 |a xi, 212 p.;  |c 24 cm 
504 |a Includes bibliographical references and index 
650 0 0 |a Capital. 
650 0 0 |a Monetary policy. 
650 0 0 |a Economic development. 
650 0 0 |a Equilibrium (Economics) 
852 |a INST  |b CHIOS  |e 19950803  |h 339.5 MOR  |p 005200002183  |q 005200002183  |t BK  |y 0 
909 |a Χ  |b 031261